| 000 | 00523nam a2200169Ia 4500 | ||
|---|---|---|---|
| 003 | IN-BaIIA | ||
| 008 | 211028s9999 xx 000 0 eng d | ||
| 020 | _a0-8213-3464-6 | ||
| 040 | _cIIA Library | ||
| 080 |
_a330(540) _bWOR |
||
| 110 |
_aWorld Bank _921501 |
||
| 245 | 0 |
_aEconomic developments in India _bacheivements and challenges _cWorld Bank |
|
| 260 |
_aUSA _bWorld Bank _c1995 |
||
| 300 | _axxxv, 198p | ||
| 650 |
_aEconomics, India-Economics _921502 |
||
| 942 | _cBK | ||
| 999 |
_c12298 _d12298 |
||